Ιστορική γραμματική της αρχαίας ελληνικής γλώσσας
Αποθηκεύτηκε σε:
| Κύριος συγγραφέας: | |
|---|---|
| Μορφή: | Βιβλίο |
| Γλώσσα: | Greek |
| Δημοσίευση: |
Αθήνα :
[χ.ό.] ;
1985.
|
| Θέματα: | |
| Ετικέτες: |
Προσθήκη ετικέτας
Δεν υπάρχουν, Καταχωρήστε ετικέτα πρώτοι!
|
MARC
| LEADER | 00000cam a2200000 i 4500 | ||
|---|---|---|---|
| 001 | 1/14579 | ||
| 008 | 950830s1985 gr 000 | gre d | ||
| 035 | |l 10019476 | ||
| 040 | |a GR-MY-UA |b gre |e aacr | ||
| 041 | 0 | |a gre | |
| 082 | 0 | |a 481 | |
| 100 | 1 | |a Μπαμπινιώτης, Γεώργιος Δ., |d 1939- | |
| 245 | 1 | 0 | |a Ιστορική γραμματική της αρχαίας ελληνικής γλώσσας / |c Γεωργίου Μπαμπινιώτη. |
| 260 | |a Αθήνα : |b [χ.ό.] ; |c 1985. | ||
| 300 | |a 219 σ. ; |c 24 εκ. | ||
| 505 | 8 | |a Τ. 1. Φωνολογία | |
| 650 | 0 | 0 | |a Greek language, Hellenistic (300 B.C.-600 A.D.) |
| 650 | 0 | 0 | |a Greek language |x Grammar. |
| 650 | 0 | 0 | |a Greek language |x Phonetics. |
| 740 | 0 | |a Φωνολογία. | |
| 852 | |a INST |b LESVOS |e 19950830 |h 481 ΜΠΑ |p 005100007510 |q 005100007510 |t BK |y 0 | ||
| 852 | |a INST |b LESVOS |e 19980512 |h 481 ΜΠΑ |p 005100013693 |q 005100013693 |t BK |y 0 | ||
| 909 | |a Λ |b 021280 | ||
| 909 | |a Λ |b 055775 | ||
| 922 | |a 1ΕΛΗ |b 199804 |c ΚΠΣ/ΤΚΑ |d EMVASIS | ||
| 950 | |a 117-1998-01-28 | ||